000 00997nam a2200289 4500
001 0000013781
003 CO-CtgCURN
005 20250515162000.0
007 ta
008 160627s1992 000 0 eng d
020 _a8482725548
040 _aCO-CtgCURN
_bspa
_ccoctgcurn
082 0 _a346.078
_bP17p
100 1 _aParra García, German.
245 1 0 _aProcesos concursales :
_bdel concordato de los comerciales /
_cGerman Parra García.
260 _aBogotá :
_bTemis,
_c1992.
300 _av. 1.
336 _2rdacontent
337 _2rdamedia
_asin mediacion
_bn
338 _2rdacarrier
_avolumen
_bnc
504 _aBibliografia (p. 265-266)
505 8 _aLa ejecucion colectiva.--El concordato.--Tramite del concordato preventivo potestativo.--Concordato preventivo obligatorio
650 1 4 _aConcordato (Derecho comercial)
_zColombia.
908 _a160627
942 _cBK
_h346.078
_iP17p
_2ddc
_n0
999 _c20287
_d20287